[Event "CRO-chT1B 29th"]
[Site "Mali Losinj"]
[Date "2021.09.25"]
[Round "1.12"]
[White "Skuhala, Jernej"]
[Black "Medvegy, Zoltan"]
[Result "0-1"]
[WhiteElo "2351"]
[BlackElo "2521"]
[PlyCount "70"]
[EventDate "2021.09.25"]
[EventType "team-tourn"]
[EventRounds "11"]
[EventCountry "CRO"]
[SourceTitle "CBM 204 Extra"]
[Source "ChessBase"]
[SourceDate "2021.11.30"]
[SourceVersion "1"]
[SourceVersionDate "2021.11.30"]
[SourceQuality "1"]
[WhiteTeam "Mihovljan Sloboda"]
[BlackTeam "Bibinje Goran"]
[WhiteTeamCountry "CRO"]
[BlackTeamCountry "CRO"]

1. e4 c5 2. Nf3 Nc6 3. d4 cxd4 4. Nxd4 e6 5. Nc3 Qc7 6. Be3 a6 7. Qd2 Nf6 8. f4 b5 9. e5 b4 10. Nce2 Nd5 11. Bf2 Bb7 12. Nb3 d6 13. exd6 Bxd6 14. g3 Nce7 15. Rg1 0-0 16. Ned4 Nf6 17. Bd3 Ne4 18. Qe2 Nxf2 19. Qxf2 Rfd8 20. 0-0-0 Bc5 21. Nxc5 Qxc5 22. Rgf1 Rxd4 23. Qxd4 Qxd4 24. Bxh7+ Kxh7 25. Rxd4 Nd5 26. Kd2 f5 27. Re1 Re8 28. g4 Kg6 29. Re5 Kf6 30. gxf5 Nxf4 31. Rc5 e5 32. Rxb4 Rd8+ 33. Ke1 Bf3 34. Rb6+ Kxf5 35. Rxa6 Nh3 0-1

[Event "HUN-ch Rapid"]
[Site "Ajka"]
[Date "2021.07.17"]
[Round "5"]
[White "Medvegy, Zoltan"]
[Black "Bodi, Tibor"]
[Result "1-0"]
[WhiteElo "2527"]
[BlackElo "2307"]
[PlyCount "81"]
[EventDate "2021.07.16"]
[EventType "swiss (rapid)"]
[EventRounds "13"]
[EventCountry "HUN"]
[SourceTitle "CBM 203 Extra"]
[Source "ChessBase"]
[SourceDate "2021.09.30"]
[SourceVersion "1"]
[SourceVersionDate "2021.09.30"]
[SourceQuality "1"]

1. Nf3 d5 2. g3 Nc6 3. d4 Bf5 4. Bg2 Nb4 5. Na3 e6 6. c3 Nc6 7. Nc2 Be4 8. 0-0 Nf6 9. Bf4 Bd6 10. Ne5 Bxe5 11. Bxe5 Bxg2 12. Kxg2 Nxe5 13. dxe5 Nd7 14. Qd4 c5 15. Qe3 Qc7 16. f4 0-0 17. Rad1 b5 18. Qd3 f5 19. Qxb5 Rab8 20. Qa6 Rb6 21. Qa3 Qb7 22. b3 d4+ 23. Kf2 Qe4 24. Qc1 Ra6 25. a3 Rb8 26. b4 Rc6 27. bxc5 Rxc5 28. Rxd4 Qc6 29. Qd2 Rxc3 30. Nb4 Rxb4 31. axb4 Nb6 32. Rd6 Qc4 33. Qd4 Qb3 34. Rxe6 h5 35. Rd6 Nc4 36. Rd8+ Kh7 37. e6 Ne3 38. Rd7 Ng4+ 39. Kg2 Ne3+ 40. Kh3 Nxf1 41. Qxg7# 1-0

[Event "HUN-ch Rapid"]
[Site "Ajka"]
[Date "2021.07.17"]
[Round "9"]
[White "Medvegy, Zoltan"]
[Black "Juhasz, Barbara"]
[Result "1-0"]
[WhiteElo "2527"]
[BlackElo "2264"]
[PlyCount "89"]
[EventDate "2021.07.16"]
[EventType "swiss (rapid)"]
[EventRounds "13"]
[EventCountry "HUN"]
[SourceTitle "CBM 203 Extra"]
[Source "ChessBase"]
[SourceDate "2021.09.30"]
[SourceVersion "1"]
[SourceVersionDate "2021.09.30"]
[SourceQuality "1"]

1. c4 Nf6 2. Nc3 g6 3. Nf3 Bg7 4. e4 d6 5. d4 0-0 6. Be2 e5 7. Be3 c6 8. d5 c5 9. Nd2 Na6 10. g4 Ne8 11. h4 f5 12. gxf5 gxf5 13. exf5 Bxf5 14. Nde4 Qd7 15. Qd2 Nf6 16. Nxf6+ Bxf6 17. 0-0-0 Kh8 18. Bd3 Rae8 19. Be4 Bd8 20. Bh6 Rf7 21. Rdg1 Ba5 22. f3 Bxe4 23. fxe4 b5 24. Rg3 Bd8 25. Qg2 Bf6 26. cxb5 Nc7 27. Rg1 Qd8 28. Rf1 Rg8 29. Rxg8+ Qxg8 30. Qxg8+ Kxg8 31. Rg1+ Kh8 32. h5 Bg7 33. Bxg7+ Rxg7 34. Rf1 Kg8 35. Rf6 Ne8 36. Re6 Kf7 37. a4 Rg5 38. a5 Nf6 39. Rxd6 Nxh5 40. Rd7+ Kg6 41. Rxa7 Nf4 42. b6 Rg2 43. Nd1 Nd3+ 44. Kb1 Rd2 45. b7 1-0